000 00505nam a2200145Ia 4500
008 100204s9999 xx 000 0 und d
082 _b7309
100 _aजाधव शशिकला
245 _aसुकलेले अश्रू
260 _b"ग्रंथाली वाचक चळवळ , मुंबई - कुर्ला"
_c1983
300 _a8+97
630 _aसुकलेले अश्रू
730 _aसुकलेले अश्रू
942 _cBOOK
999 _c451745
_d451742